Loading...
| Science - Other | 0 | 5 | 0 | 1 | 50 | 63 | 72.00 | 3 | 5 | 18.07 | 40.91 |
| Science - Physics | 0 | 4 | 0 | 2 | 40 | 50 | 93.50 | 0 | 2 | 5.07 | 11.36 |
| Fine Arts - Painting and Sculpture | 0 | 3 | 0 | 0 | 30 | 70 | 88.33 | 2 | 3 | 7.58 | 25.00 |
| Philosophy | 0 | 3 | 0 | 0 | 30 | 29 | 61.67 | 1 | 2 | 13.63 | 22.22 |
| Fine Arts - Other | 0 | 3 | 0 | 0 | 30 | 52 | 87.67 | 2 | 3 | 5.58 | 25.00 |
| Literature - British | 0 | 3 | 0 | 1 | 30 | 112 | 113.67 | 1 | 2 | 0.00 | 13.64 |
| Popular Culture | 0 | 2 | 0 | 0 | 20 | 61 | 91.00 | 0 | 1 | 7.75 | 8.33 |
| Literature - European | 0 | 2 | 0 | 2 | 20 | 113 | 118.50 | 0 | 1 | 0.00 | 4.55 |
| Current Events | 0 | 1 | 0 | 0 | 10 | 36 | 36.00 | 1 | 1 | 13.39 | 20.00 |
| History - American | 0 | 1 | 0 | 0 | 10 | 54 | 54.00 | 1 | 1 | 4.37 | 9.09 |
| Literature - American | 0 | 1 | 0 | 0 | 10 | 87 | 87.00 | 0 | 1 | 2.66 | 6.82 |
| Science - Chemistry | 0 | 2 | 2 | 1 | 10 | 93 | 99.00 | 0 | 2 | 0.00 | 4.55 |
| Social Science | 0 | 1 | 0 | 0 | 10 | 66 | 66.00 | 0 | 1 | 3.53 | 9.38 |
| Science - Biology | 0 | 1 | 1 | 0 | 5 | 46 | 46.00 | 1 | 1 | 4.59 | 4.55 |
| Literature - World | 0 | 0 | 0 | 0 | 0 | 0.00 | 0 | 0 | 0.00 | 0.00 | |
| Fine Arts - Classical Music | 0 | 0 | 0 | 0 | 0 | 0.00 | 0 | 0 | 0.00 | 0.00 |